[Event "Aust Junior Open "]
[Site "Perth "]
[Date "2004.01.16"]
[Round "4.12"]
[White "Chu, Louis"]
[Black "Wongwitchit, Phachara"]
[Result "0-1"]
[WhiteElo "1125"]
[BlackElo "1773"]
[PlyCount "64"]
[EventDate "2004.01.14"]
[EventType "swiss"]
[EventRounds "11"]
[EventCountry "AUS"]

1. e4 e6 2. d4 d5 3. exd5 exd5 4. Bf4 Nf6 5. Bd3 Bd6 6. Bxd6 Qxd6 7. Nf3 O-O 8.
O-O Bg4 9. Nbd2 Nbd7 10. c3 Rfe8 11. Qc2 c5 12. Rfe1 g6 13. Bb5 a6 14. Bxd7
Nxd7 15. dxc5 Nxc5 16. Nd4 Re7 17. h3 Bd7 18. N2f3 Ne4 19. Rad1 b5 20. Nd2 f5
21. Re2 Rae8 22. Rde1 Kf8 23. Nxe4 dxe4 24. Rd1 Qb6 25. Qd2 Bc8 26. Qe3 Qf6 27.
Rde1 f4 28. Qd2 Qg5 29. g3 e3 30. fxe3 fxe3 31. Qc2 Qxg3+ 32. Kh1 Bb7+ 0-1

[Event "Aust Junior Open "]
[Site "Perth "]
[Date "2004.01.16"]
[Round "4.13"]
[White "Kaspar, Ric"]
[Black "Cronan, James"]
[Result "1-0"]
[WhiteElo "1436"]
[BlackElo "1760"]
[PlyCount "55"]
[EventDate "2004.01.14"]
[EventType "swiss"]
[EventRounds "11"]
[EventCountry "AUS"]

1. e4 c6 2. d4 d5 3. Nc3 dxe4 4. Nxe4 Nf6 5. Nxf6+ gxf6 6. Bf4 Bf5 7. Nf3 e6 8.
Bd3 Bg4 9. Be2 Bd6 10. Qd2 Qc7 11. Bxd6 Qxd6 12. O-O-O Nd7 13. Rhe1 O-O-O 14.
h3 Bh5 15. Qa5 Bxf3 16. Bxf3 Nb6 17. Qxa7 Kc7 18. Qa5 Ra8 19. Qh5 Nc4 20. Qxf7+
Kb6 21. Rd3 Rxa2 22. Rb3+ Ka5 23. Kd1 Nxb2+ 24. Ke2 Qxd4 25. Qc7+ Ka6 26. Qxb7+
Ka5 27. Qc7+ Ka6 28. Qxc6+ 1-0

[Event "Aust Junior Open "]
[Site "Perth "]
[Date "2004.01.16"]
[Round "4.14"]
[White "Ikeda, Junta"]
[Black "Vishwanath, Ganesh"]
[Result "1/2-1/2"]
[WhiteElo "1705"]
[BlackElo "1551"]
[PlyCount "62"]
[EventDate "2004.01.14"]
[EventType "swiss"]
[EventRounds "11"]
[EventCountry "AUS"]

1. e4 c5 2. Nf3 d6 3. c3 Nf6 4. Be2 Nbd7 5. Qc2 Qc7 6. a4 e6 7. d3 Be7 8. Bf4
O-O 9. O-O e5 10. Be3 d5 11. Nh4 Qc6 12. Nf5 Re8 13. Nd2 Bd8 14. Bf3 Qe6 15. h3
g6 16. Ng3 Kg7 17. Rae1 d4 18. Bg5 h6 19. Bxf6+ Nxf6 20. Bd1 Bc7 21. cxd4 b6
22. dxc5 bxc5 23. Ne2 Bb6 24. Qc3 Ba6 25. Bb3 Qc6 26. Nc4 Bc7 27. f4 Bxc4 28.
Qxc4 Qe6 29. Qc3 Qb6 30. Qc4 Qe6 31. Qc3 Qb6 1/2-1/2

[Event "Aust Junior Open "]
[Site "Perth "]
[Date "2004.01.16"]
[Round "4.15"]
[White "Colic, Igor"]
[Black "Tse, Jeffrey"]
[Result "1-0"]
[WhiteElo "1332"]
[BlackElo "1337"]
[PlyCount "99"]
[EventDate "2004.01.14"]
[EventType "swiss"]
[EventRounds "11"]
[EventCountry "AUS"]

1. e4 e6 2. d4 d5 3. exd5 exd5 4. Nf3 c5 5. dxc5 Bxc5 6. c3 Nc6 7. Bd3 Nf6 8.
O-O O-O 9. Bg5 h6 10. Bh4 Bg4 11. Nbd2 Ne5 12. Be2 Ng6 13. Bg3 Ne4 14. Nxe4
dxe4 15. Nd2 Bxe2 16. Qxe2 Re8 17. Nxe4 Qd5 18. Rfe1 Re7 19. Qf3 Rae8 20. Nf6+
gxf6 21. Rxe7 Nxe7 22. Qxf6 Ng6 23. h3 Qe6 24. Qxe6 Rxe6 25. b4 Bd6 26. Bxd6
Rxd6 27. Re1 Re6 28. Rd1 Kf8 29. Rd7 Re7 30. Rd8+ Kg7 31. a4 Rc7 32. Ra8 a6 33.
Ra7 Nf4 34. b5 axb5 35. a5 Ne2+ 36. Kf1 Nxc3 37. a6 Nd5 38. axb7 Rxb7 39. Rxb7
b4 40. Rb5 Ne7 41. Rxb4 f5 42. Ke2 Kf6 43. Rb6+ Kg5 44. f4+ Kxf4 45. Rxh6 Kg5
46. Re6 Ng6 47. Ke3 f4+ 48. Ke4 Nh4 49. Re5+ Kh6 50. Kxf4 1-0

[Event "Aust Junior Open "]
[Site "Perth "]
[Date "2004.01.16"]
[Round "4.16"]
[White "Chapman, Mark"]
[Black "Stojic, Svetozar"]
[Result "0-1"]
[WhiteElo "1639"]
[BlackElo "1700"]
[PlyCount "77"]
[EventDate "2004.01.14"]
[EventType "swiss"]
[EventRounds "11"]
[EventCountry "AUS"]

1. e4 c5 2. Nf3 d6 3. d4 Nf6 4. Nc3 cxd4 5. Nxd4 g6 6. Be3 Bg7 7. Be2 O-O 8.
O-O Nc6 9. Nb3 Be6 10. f4 Qd7 11. Kh1 d5 12. Nc5 Qc8 13. Nxd5 Bxd5 14. exd5 Rd8
15. c4 e6 16. Bf3 exd5 17. cxd5 b6 18. Na4 Nb4 19. Nc3 Qc4 20. Be2 Qc7 21. Rc1
Qd7 22. Qb3 Nbxd5 23. Rfd1 Qe6 24. Nxd5 Nxd5 25. Bc4 Qxe3 26. Bxd5 Qxb3 27.
Bxb3 Rxd1+ 28. Rxd1 Re8 29. g3 a5 30. Rd7 Re1+ 31. Kg2 Re2+ 32. Kh3 Rxb2 33.
Bxf7+ Kf8 34. Be6 Re2 35. Rf7+ Kg8 36. Bc4 Re4 37. Rc7+ Kf8 38. a4 Bb2 39. Bb5
{...} 0-1

[Event "Aust Junior Open "]
[Site "Perth "]
[Date "2004.01.16"]
[Round "4.17"]
[White "Guo Yuthok, Sherab"]
[Black "Kimura, Toshi"]
[Result "0-1"]
[WhiteElo "1482"]
[BlackElo "1723"]
[PlyCount "58"]
[EventDate "2004.01.14"]
[EventType "swiss"]
[EventRounds "11"]
[EventCountry "AUS"]

1. e4 c5 2. Nc3 g6 3. f4 Bg7 4. Nf3 d6 5. Bb5+ Bd7 6. Bxd7+ Qxd7 7. O-O e6 8.
d3 Ne7 9. Kh1 O-O 10. Qe1 Nbc6 11. Bd2 a6 12. a4 Nb4 13. Rc1 b5 14. axb5 axb5
15. Qh4 d5 16. e5 Na2 17. Nxa2 Rxa2 18. b3 Rc8 19. c4 Nf5 20. Qe1 h5 21. Ra1
Raa8 22. Qf2 dxc4 23. dxc4 bxc4 24. bxc4 Qd3 25. Rxa8 Rxa8 26. Rc1 Bf8 27. h3
Ra2 28. g4 Nd4 29. Rc3 Qxc3 0-1

[Event "Aust Junior Open "]
[Site "Perth "]
[Date "2004.01.16"]
[Round "4.18"]
[White "Yu, Chris"]
[Black "Muthusamy, Reubban"]
[Result "1-0"]
[WhiteElo "1589"]
[BlackElo "1389"]
[PlyCount "97"]
[EventDate "2004.01.14"]
[EventType "swiss"]
[EventRounds "11"]
[EventCountry "AUS"]

1. Nf3 d5 2. d4 Nf6 3. c4 c6 4. e3 Bf5 5. Bd3 dxc4 6. Bxf5 Qa5+ 7. Nbd2 Qxf5 8.
Nxc4 e6 9. O-O Be7 10. a3 O-O 11. b4 Qd5 12. Qc2 Qd8 13. Bb2 Nbd7 14. Rac1 Nb6
15. Na5 Rb8 16. Ne5 Qd5 17. Rfd1 Qe4 18. Nd3 Nfd7 19. Ba1 Nd5 20. Nc4 Bg5 21.
Re1 N7f6 22. Nd2 Qf5 23. Nf3 Bh6 24. Rcd1 Qg6 25. Qa4 a6 26. Nc5 Rfc8 27. Qb3
Qh5 28. a4 Kh8 29. Ne5 Rg8 30. Ncd7 Rbd8 31. Nc5 Rb8 32. e4 Nf4 33. Qf3 Rbf8
34. Qxh5 N4xh5 35. Nxb7 Bf4 36. Nxc6 Ra8 37. d5 exd5 38. exd5 Rgc8 39. Nba5 Bd6
40. Be5 Bf8 41. g3 Nd7 42. f4 f6 43. Bd4 Bd6 44. Re6 Bc7 45. Re7 Nb6 46. Rxc7
Rxc7 47. Bxb6 Rd7 48. d6 f5 49. Ne5 1-0

[Event "Aust Junior Open "]
[Site "Perth "]
[Date "2004.01.16"]
[Round "4.19"]
[White "Holland, Denis"]
[Black "Maguire, Jesse"]
[Result "0-1"]
[WhiteElo "1531"]
[BlackElo "1321"]
[PlyCount "20"]
[EventDate "2004.01.14"]
[EventType "swiss"]
[EventRounds "11"]
[EventCountry "AUS"]

1. e4 e5 2. Nc3 Nc6 3. Bc4 Nf6 4. d3 h6 5. Nge2 Bc5 6. a3 Ng4 7. O-O Qh4 8. h3
Nxf2 9. Qe1 Nxd3+ 10. Kh2 Nxe1 0-1

[Event "Aust Junior Open "]
[Site "Perth "]
[Date "2004.01.16"]
[Round "4.20"]
[White "Donaldson, Thomas"]
[Black "Martin, Richard"]
[Result "1/2-1/2"]
[WhiteElo "1520"]
[BlackElo "1237"]
[PlyCount "90"]
[EventDate "2004.01.14"]
[EventType "swiss"]
[EventRounds "11"]
[EventCountry "AUS"]

1. d4 Nf6 2. c4 g6 3. Nc3 d5 4. cxd5 Nxd5 5. e3 Bg7 6. Bc4 Nxc3 7. bxc3 c5 8.
Qb3 O-O 9. Ba3 cxd4 10. cxd4 Nc6 11. Rb1 Na5 12. Qb4 Nxc4 13. Qxc4 Be6 14. Qb4
Bxa2 15. Rb2 Bd5 16. f3 e6 17. Ne2 Re8 18. O-O Rc8 19. Nc3 Bf8 20. Qa4 Rxc3 21.
Bxf8 Rxf8 22. e4 Bc4 23. Rd1 Rd3 24. Rxd3 Bxd3 25. Rxb7 a6 26. Kf2 Qc8 27. Ra7
Qb8 28. Re7 Bb5 29. Qa3 Qxh2 30. d5 Qh4+ 31. Kg1 exd5 32. exd5 Qd4+ 33. Kh1
Qxd5 34. Qe3 Rc8 35. Re5 Qc4 36. Re4 Qc1+ 37. Kh2 Qxe3 38. Rxe3 a5 39. g4 a4
40. f4 Rd8 41. f5 Rd2+ 42. Kg1 gxf5 43. gxf5 Ra2 44. f6 h6 45. Rg3+ Kf8 {...}
1/2-1/2

[Event "Aust Junior Open "]
[Site "Perth "]
[Date "2004.01.16"]
[Round "4.21"]
[White "Guzel, Adam"]
[Black "Tran, Christopher"]
[Result "1/2-1/2"]
[WhiteElo "1346"]
[BlackElo "1516"]
[PlyCount "80"]
[EventDate "2004.01.14"]
[EventType "swiss"]
[EventRounds "11"]
[EventCountry "AUS"]

1. d4 Nf6 2. Nf3 e6 3. Bg5 c5 4. e3 b6 5. c3 Bb7 6. Nbd2 cxd4 7. exd4 Be7 8.
Bd3 Nc6 9. O-O O-O 10. Nc4 Nd5 11. Bxe7 Qxe7 12. Nce5 Nxe5 13. dxe5 f5 14. Nd4
Nf4 15. Nf3 Kh8 16. Be2 g5 17. Qd2 Qg7 18. Ne1 Qxe5 19. Bf3 Bxf3 20. Nxf3 Qg7
21. Rad1 Rf7 22. Rfe1 Rd8 23. g3 Nh3+ 24. Kg2 g4 25. Ne5 Rff8 26. Qd4 Ng5 27.
Nxd7 Rf7 28. Qxg7+ Kxg7 29. Ne5 Rxd1 30. Rxd1 Rc7 31. f4 gxf3+ 32. Nxf3 Nxf3
33. Kxf3 Kf6 34. Kf4 e5+ 35. Kf3 Ke6 36. g4 fxg4+ 37. Kxg4 Rf7 38. Kg3 e4 39.
Rd8 Rg7+ 40. Kf2 Ke5 1/2-1/2

[Event "Aust Junior Open "]
[Site "Perth "]
[Date "2004.01.16"]
[Round "4.22"]
[White "Sreetharan, Kishore"]
[Black "Scott, Christopher"]
[Result "1-0"]
[WhiteElo "1509"]
[BlackElo "857"]
[PlyCount "39"]
[EventDate "2004.01.14"]
[EventType "swiss"]
[EventRounds "11"]
[EventCountry "AUS"]

1. e4 c6 2. Nc3 d5 3. Nf3 Bg4 4. h3 Bxf3 5. Qxf3 e6 6. exd5 exd5 7. d4 Nf6 8.
Bg5 Nbd7 9. O-O-O Be7 10. Bd3 h6 11. Be3 Qc7 12. Rde1 O-O-O 13. Bxh6 Rxh6 14.
Rxe7 Rf8 15. Rhe1 Rhh8 16. Bf5 Kb8 17. Bxd7 Nxd7 18. Rxf7 Qd6 19. Ree7 Qxe7 20.
Qg3+ 1-0

[Event "Aust Junior Open "]
[Site "Perth "]
[Date "2004.01.16"]
[Round "4.23"]
[White "Humphries, Ryan"]
[Black "Rozells, Nathan"]
[Result "0-1"]
[WhiteElo "1238"]
[BlackElo "1497"]
[PlyCount "58"]
[EventDate "2004.01.14"]
[EventType "swiss"]
[EventRounds "11"]
[EventCountry "AUS"]

1. e4 e5 2. Nf3 Nc6 3. Bb5 a6 4. Ba4 Nf6 5. O-O Nxe4 6. d4 b5 7. Bb3 d5 8. dxe5
Be6 9. Be3 Bc5 10. Nd4 Nxd4 11. Bxd4 Bxd4 12. Qxd4 c5 13. Qe3 c4 14. f3 Ng5 15.
Bxc4 bxc4 16. h4 h6 17. hxg5 hxg5 18. g4 Rb8 19. b3 d4 20. Qe4 Qb6 21. Kg2 Rd8
22. Nd2 Qb4 23. Qc6+ Bd7 24. Qxc4 Qxd2+ 25. Rf2 Rh2+ 26. Kxh2 Qxf2+ 27. Kh3
Qxf3+ 28. Kh2 Bc6 29. Rg1 Qf2+ 0-1

[Event "Aust Junior Open "]
[Site "Perth "]
[Date "2004.01.16"]
[Round "4.24"]
[White "Beltrami, Matthew"]
[Black "Levin, Joshua"]
[Result "0-1"]
[WhiteElo "1208"]
[BlackElo "1464"]
[PlyCount "76"]
[EventDate "2004.01.14"]
[EventType "swiss"]
[EventRounds "11"]
[EventCountry "AUS"]

1. e4 c5 2. d4 cxd4 3. c3 dxc3 4. Nxc3 Nc6 5. Nf3 d6 6. Bc4 Nf6 7. e5 Ng4 8.
exd6 exd6 9. Qe2+ Be7 10. O-O O-O 11. h3 Nge5 12. Nxe5 dxe5 13. Rd1 Bd7 14. f4
Bc5+ 15. Be3 Bxe3+ 16. Qxe3 exf4 17. Qxf4 Qb6+ 18. Qf2 Qxf2+ 19. Kxf2 Be6 20.
Be2 Rfd8 21. Bf3 a6 22. a3 Bb3 23. Rxd8+ Rxd8 24. Re1 Kf8 25. Ne4 Ne5 26. Nc5
Nxf3 27. gxf3 Be6 28. Rxe6 fxe6 29. Nxe6+ Ke7 30. Nxd8 Kxd8 31. Ke2 Ke7 32. Ke3
Ke6 33. Ke4 g6 34. h4 h6 35. a4 a5 36. b3 h5 37. Kd4 Kf5 38. Kc5 g5 0-1

[Event "Aust Junior Open "]
[Site "Perth "]
[Date "2004.01.16"]
[Round "4.29"]
[White "McGowan, Daniel"]
[Black "Vinciguerra, Andrew"]
[Result "1/2-1/2"]
[WhiteElo "948"]
[BlackElo "1176"]
[PlyCount "44"]
[EventDate "2004.01.14"]
[EventType "swiss"]
[EventRounds "11"]
[EventCountry "AUS"]

1. e4 e5 2. Nf3 Nc6 3. d4 exd4 4. Nxd4 Bc5 5. Be3 Bxd4 6. Bxd4 f6 7. Bc4 d6 8.
Nc3 Nge7 9. Qd2 Nxd4 10. Qxd4 Nc6 11. Qd5 Qe7 12. O-O-O Bd7 13. Qh5+ g6 14. Qf3
Ne5 15. Qe2 Nxc4 16. Qxc4 Bc6 17. Nb5 a6 18. Nd4 Kd7 19. Nxc6 bxc6 20. f3 Rhb8
21. Rd3 Rb6 22. Rb3 Qe6 1/2-1/2

[Event "Aust Junior Open "]
[Site "Perth "]
[Date "2004.01.16"]
[Round "4.30"]
[White "Ung, Josephine"]
[Black "Slack Smith, Blair"]
[Result "0-1"]
[WhiteElo "332"]
[BlackElo "1096"]
[PlyCount "68"]
[EventDate "2004.01.14"]
[EventType "swiss"]
[EventRounds "11"]
[EventCountry "AUS"]

1. d4 Nf6 2. Nf3 g6 3. Bf4 d5 4. e3 Bf5 5. Bd3 Bxd3 6. cxd3 Bg7 7. Nbd2 Nbd7 8.
e4 O-O 9. Bg5 Rc8 10. Bxf6 Nxf6 11. Ne5 c5 12. dxc5 Rxc5 13. Rc1 Nd7 14. Nxd7
Rxc1 15. Qxc1 Qxd7 16. b3 Rc8 17. Qb1 dxe4 18. Nxe4 Rd8 19. Ke2 Qg4+ 20. Kf1
Qf4 21. f3 Bd4 22. Qe1 Be3 23. Qe2 Rc8 24. Nf2 Bxf2 25. Kxf2 Qd4+ 26. Kg3 Qd6+
27. f4 g5 28. Rf1 Rc3 29. Rf3 gxf4+ 30. Kg4 h5+ 31. Kxh5 Rc5+ 32. Kg4 Qg6+ 33.
Kxf4 Qg5+ 34. Ke4 Qe5# 0-1

[Event "Aust Junior Open "]
[Site "Perth "]
[Date "2004.01.17"]
[Round "5.1"]
[White "Bourmistrov, Denis"]
[Black "Chow, Sam"]
[Result "1-0"]
[WhiteElo "2030"]
[BlackElo "2130"]
[PlyCount "67"]
[EventDate "2004.01.14"]
[EventType "swiss"]
[EventRounds "11"]
[EventCountry "AUS"]

1. d4 d5 2. c4 c6 3. Nf3 Nf6 4. Nc3 dxc4 5. a4 Bf5 6. Nh4 e6 7. Nxf5 exf5 8. e3
g6 9. Bxc4 Bg7 10. O-O O-O 11. f3 Nbd7 12. Qc2 c5 13. Rd1 cxd4 14. exd4 Rc8 15.
Bb3 Nb6 16. Bg5 Qd7 17. d5 Qd6 18. Qd3 a6 19. a5 Nbd7 20. Na4 Nc5 21. Nxc5
Qxc5+ 22. Be3 Qd6 23. Qd2 Nd7 24. Rac1 Qe5 25. Rxc8 Rxc8 26. d6 Qb5 27. Qd5
Qxd5 28. Bxd5 Bxb2 29. Bxb7 Rd8 30. Bxa6 Ra8 31. Bb5 Nf8 32. a6 Ne6 33. a7 f4
34. Bb6 1-0

[Event "Aust Junior Open "]
[Site "Perth "]
[Date "2004.01.17"]
[Round "5.2"]
[White "Huang, Justin"]
[Black "Zvedeniouk, Ilia"]
[Result "1-0"]
[WhiteElo "1596"]
[BlackElo "1922"]
[PlyCount "65"]
[EventDate "2004.01.14"]
[EventType "swiss"]
[EventRounds "11"]
[EventCountry "AUS"]

1. e4 e6 2. d4 d5 3. Nc3 dxe4 4. Nxe4 Nd7 5. Nf3 Be7 6. Bf4 Ngf6 7. Bd3 Nxe4 8.
Bxe4 Nf6 9. Bd3 O-O 10. O-O b6 11. c3 Bb7 12. Re1 c5 13. dxc5 Bxc5 14. Bg5 Be7
15. Be2 Qc7 16. Qa4 Ne4 17. Bxe7 Qxe7 18. Rad1 Qc5 19. Qd4 Rfc8 20. Bd3 Qxd4
21. Nxd4 Nc5 22. Bc2 Rd8 23. Re2 Rd6 24. Red2 Rad8 25. f3 e5 26. Nb3 Rxd2 27.
Rxd2 Rxd2 28. Nxd2 g6 29. Nc4 f6 30. Nd6 Ba6 31. b4 Bd3 32. bxc5 Bxc2 33. c6
1-0

[Event "Aust Junior Open "]
[Site "Perth "]
[Date "2004.01.17"]
[Round "5.3"]
[White "Ly, Moulthun"]
[Black "Stojic, Dusan"]
[Result "1-0"]
[WhiteElo "1646"]
[BlackElo "1863"]
[PlyCount "91"]
[EventDate "2004.01.14"]
[EventType "swiss"]
[EventRounds "11"]
[EventCountry "AUS"]

1. d4 Nf6 2. Bg5 Ne4 3. h4 d5 4. Nd2 Nxg5 5. hxg5 Bf5 6. e3 e6 7. g4 Bg6 8. f4
c5 9. Qf3 cxd4 10. f5 Qxg5 11. fxg6 Qxe3+ 12. Qxe3 dxe3 13. gxf7+ Kxf7 14. Nb3
Nc6 15. Nf3 h6 16. Ke2 Rc8 17. c3 a5 18. a4 Bd6 19. Kxe3 Rhf8 20. Bb5 b6 21.
Bxc6 Rxc6 22. Nbd4 Rc4 23. Nd2 Rcc8 24. Raf1+ Ke7 25. Rxf8 Rxf8 26. Rf1 Rxf1
27. Nxf1 Bc5 28. Kf3 e5 29. Nf5+ Kf6 30. N1e3 e4+ 31. Ke2 g6 32. Nxd5+ Ke6 33.
Nfe3 Bd6 34. Nxb6 h5 35. gxh5 gxh5 36. Nbc4 Bc7 37. Kf2 h4 38. Kg2 Bf4 39. Kh3
Bg5 40. Kg4 Bd8 41. Nf5 h3 42. Nd4+ Kd5 43. Ne3+ Ke5 44. Kxh3 Kf4 45. Ng2+ Kg5
46. Ne6+ 1-0

[Event "Aust Junior Open "]
[Site "Perth "]
[Date "2004.01.17"]
[Round "5.4"]
[White "Jager, Jesse"]
[Black "Oliver, Gareth"]
[Result "1-0"]
[WhiteElo "1598"]
[BlackElo "1844"]
[PlyCount "51"]
[EventDate "2004.01.14"]
[EventType "swiss"]
[EventRounds "11"]
[EventCountry "AUS"]

1. e4 e6 2. d4 d5 3. Nc3 Bb4 4. e5 Qe7 5. Qg4 f5 6. Qg3 b6 7. a3 Bxc3+ 8. bxc3
Ba6 9. Bxa6 Nxa6 10. Ne2 O-O-O 11. a4 Nb8 12. a5 Nc6 13. axb6 cxb6 14. O-O Na5
15. Nf4 Qf7 16. Rxa5 bxa5 17. c4 Ne7 18. Qc3 Kd7 19. Qxa5 Nc6 20. Qa4 Kc7 21.
cxd5 exd5 22. Ba3 g5 23. Bd6+ Rxd6 24. exd6+ Kxd6 25. Nd3 Rb8 26. Qxc6+ 1-0

[Event "Aust Junior Open "]
[Site "Perth "]
[Date "2004.01.17"]
[Round "5.5"]
[White "Oliver, Shannon"]
[Black "Suttor, Vincent"]
[Result "1/2-1/2"]
[WhiteElo "1580"]
[BlackElo "1828"]
[PlyCount "81"]
[EventDate "2004.01.14"]
[EventType "swiss"]
[EventRounds "11"]
[EventCountry "AUS"]

1. e4 c5 2. c3 d6 3. d4 Qc7 4. Bd3 e5 5. Nf3 Nf6 6. O-O Be7 7. Nbd2 O-O 8. dxe5
dxe5 9. Nc4 Nc6 10. Qc2 b5 11. Ne3 c4 12. Be2 Bb7 13. Nd2 Bc5 14. Ng4 Nxg4 15.
Bxg4 Bc8 16. Bxc8 Rfxc8 17. Nf3 Rd8 18. Rd1 Rxd1+ 19. Qxd1 Rd8 20. Qe2 Qb6 21.
Bd2 f6 22. b4 cxb3 23. axb3 a6 24. Re1 Kf8 25. Be3 Ke7 26. Kf1 Rd7 27. Bxc5+
Qxc5 28. Qe3 Qxe3 29. Rxe3 Rd1+ 30. Re1 Rxe1+ 31. Nxe1 Nd8 32. Ke2 Nb7 33. Nd3
Kd6 34. Kd2 Kc6 35. Kc2 Nd6 36. f3 Nf7 37. h4 Nd8 38. Nb2 Ne6 39. g3 Nc5 40. c4
bxc4 41. bxc4 1/2-1/2

[Event "Aust Junior Open "]
[Site "Perth "]
[Date "2004.01.17"]
[Round "5.6"]
[White "Xie, Ken"]
[Black "Neeman, Jeremy"]
[Result "0-1"]
[WhiteElo "1802"]
[BlackElo "1548"]
[PlyCount "42"]
[EventDate "2004.01.14"]
[EventType "swiss"]
[EventRounds "11"]
[EventCountry "AUS"]

1. e4 c5 2. Nf3 d6 3. d4 cxd4 4. Nxd4 Nf6 5. Nc3 g6 6. Be3 Bg7 7. f3 O-O 8. Qd2
Nc6 9. Bc4 Bd7 10. O-O-O Rb8 11. Bb3 Na5 12. g4 b5 13. g5 Nh5 14. Nde2 Nc4 15.
Bxc4 bxc4 16. Kb1 Qa5 17. Ka1 Rb4 18. Rb1 Rfb8 19. Bd4 Bxd4 20. Nxd4 R8b6 21.
Nd5 Qxa2+ 0-1

[Event "Aust Junior Open "]
[Site "Perth "]
[Date "2004.01.17"]
[Round "5.7"]
[White "Wongwitchit, Phachara"]
[Black "Colic, Igor"]
[Result "1-0"]
[WhiteElo "1773"]
[BlackElo "1332"]
[PlyCount "61"]
[EventDate "2004.01.14"]
[EventType "swiss"]
[EventRounds "11"]
[EventCountry "AUS"]

1. e4 e5 2. Nf3 Nc6 3. Bc4 Bc5 4. c3 Nf6 5. d4 exd4 6. e5 d5 7. Bb5 Nd7 8. cxd4
Bb4+ 9. Nc3 O-O 10. O-O Bxc3 11. bxc3 Re8 12. Re1 Nf8 13. Bg5 Qd7 14. Qa4 Ne6
15. Re3 a6 16. Rf1 Rb8 17. Bxc6 Qxc6 18. Qd1 Nxg5 19. Nxg5 h6 20. Nf3 Qg6 21.
Qe1 Bd7 22. Nh4 Qg4 23. f4 Qe6 24. f5 Qb6 25. Rg3 Kh7 26. Qe3 Qb2 27. h3 Qxa2
28. e6 Bb5 29. Qe5 f6 30. Rxg7+ Kxg7 31. Qxc7+ 1-0

[Event "Aust Junior Open "]
[Site "Perth "]
[Date "2004.01.17"]
[Round "5.8"]
[White "Obst, James"]
[Black "Lattimore, Tor"]
[Result "1-0"]
[WhiteElo "1539"]
[BlackElo "1765"]
[PlyCount "61"]
[EventDate "2004.01.14"]
[EventType "swiss"]
[EventRounds "11"]
[EventCountry "AUS"]

1. e4 c5 2. Nc3 Nc6 3. f4 g6 4. Nf3 Bg7 5. Bb5 Nd4 6. O-O Nxb5 7. Nxb5 Nf6 8.
d3 d6 9. a4 Bd7 10. Qe1 Bxb5 11. axb5 Qd7 12. c4 O-O 13. Qh4 Qg4 14. Qf2 Nh5
15. h3 Qg3 16. Qxg3 Nxg3 17. Re1 Rfd8 18. Kf2 Nh5 19. g4 Nf6 20. Bd2 Nd7 21.
Bc3 Nb8 22. h4 a6 23. h5 Bxc3 24. bxc3 a5 25. hxg6 fxg6 26. Rh1 Nd7 27. Ng5 Nf6
28. Ne6 Rdc8 29. Kf3 Kf7 30. Ng5+ Kg7 31. e5 1-0

[Event "Aust Junior Open "]
[Site "Perth "]
[Date "2004.01.17"]
[Round "5.9"]
[White "Hu, Jason"]
[Black "Yu, Michael"]
[Result "1-0"]
[WhiteElo "1590"]
[BlackElo "1736"]
[PlyCount "111"]
[EventDate "2004.01.14"]
[EventType "swiss"]
[EventRounds "11"]
[EventCountry "AUS"]

1. c4 c5 2. Nf3 Nc6 3. e3 g6 4. d4 cxd4 5. exd4 d5 6. cxd5 Qxd5 7. Nc3 Qa5 8.
d5 Nb8 9. Bf4 Bg7 10. Rc1 Nf6 11. Be2 Nxd5 12. Qxd5 Bxc3+ 13. Rxc3 Qxd5 14.
Rxc8+ Kd7 15. Rxh8 Qe4 16. Bxb8 Qb1+ 17. Bd1 Qe4+ 18. Kf1 Qb1 19. Ne5+ Ke6 20.
Ke1 Qe4+ 21. Kd2 Qf4+ 22. Kc2 Rxb8 23. Rxb8 Qxe5 24. Rc8 Kf6 25. Rc3 Qe4+ 26.
Kc1 Qxg2 27. Rf3+ Kg7 28. Re1 e6 29. h3 Qg5+ 30. Kb1 Qa5 31. Ree3 b5 32. Rd3
Qc7 33. Rd2 a5 34. a4 b4 35. Bb3 Qc6 36. Rfd3 Kf6 37. Ka2 Qh1 38. Rc2 Qb7 39.
h4 h5 40. Rc5 Qb6 41. Rf3+ Kg7 42. Rb5 Qa7 43. Bc2 Qc7 44. Bb3 Qa7 45. Re3 Kf6
46. Re2 Qd4 47. Rxa5 Qxh4 48. Rc5 Qh1 49. a5 h4 50. a6 h3 51. a7 h2 52. f3 Qxf3
53. Rxh2 Qa8 54. Ra5 g5 55. Rc2 g4 56. Ba4 1-0

[Event "Aust Junior Open "]
[Site "Perth "]
[Date "2004.01.17"]
[Round "5.10"]
[White "Stojic, Svetozar"]
[Black "Kaspar, Ric"]
[Result "1-0"]
[WhiteElo "1700"]
[BlackElo "1436"]
[PlyCount "105"]
[EventDate "2004.01.14"]
[EventType "swiss"]
[EventRounds "11"]
[EventCountry "AUS"]

1. Nf3 d5 2. g3 c5 3. Bg2 Nc6 4. d3 Bf5 5. O-O e6 6. Nbd2 Nf6 7. h3 Bd6 8. Nh4
Bg6 9. Nxg6 hxg6 10. e4 Qc7 11. f4 c4 12. exd5 Bc5+ 13. Kh1 Nd4 14. Nxc4 O-O-O
15. c3 Nf5 16. Kh2 Nh6 17. d4 Bxd4 18. Qxd4 Nxd5 19. Ne5 Nf6 20. Qc4 Qxc4 21.
Nxc4 Nf5 22. Bf3 Rh7 23. Kg2 Nh5 24. Bxh5 gxh5 25. Ne3 Ne7 26. b3 Rd3 27. c4
Rh8 28. Ba3 Nc6 29. Rfe1 Rd2+ 30. Kf1 Rh2 31. Kg1 Rd2 32. Bc1 Rd3 33. Rd1 Rc3
34. Bd2 Rd3 35. Kf2 Rhd8 36. Be1 R3d7 37. Rxd7 Rxd7 38. Rd1 Re7 39. Bc3 f6 40.
Ng2 e5 41. fxe5 fxe5 42. Re1 Kd7 43. Nh4 Re6 44. Nf3 Kd6 45. b4 e4 46. Ng5 Rg6
47. Nxe4+ Kc7 48. Nc5 b6 49. Ne6+ Kd7 50. Nxg7 Kc7 51. Nxh5 Kd6 52. h4 Rf6+ 53.
Nxf6 1-0

[Event "Aust Junior Open "]
[Site "Perth "]
[Date "2004.01.17"]
[Round "5.11"]
[White "Wei, Michael"]
[Black "Ikeda, Junta"]
[Result "1-0"]
[WhiteElo "1870"]
[BlackElo "1705"]
[PlyCount "50"]
[EventDate "2004.01.14"]
[EventType "swiss"]
[EventRounds "11"]
[EventCountry "AUS"]

1. d4 d5 2. c4 e6 3. Nc3 Nf6 4. cxd5 exd5 5. Bg5 c6 6. Qc2 Be7 7. e3 O-O 8. Bd3
h6 9. Bh4 b6 10. Nf3 Bb7 11. O-O-O Nbd7 12. Rhg1 c5 13. g4 Ne4 14. Bxe7 Qxe7
15. Kb1 Rac8 16. Bxe4 dxe4 17. Nd2 b5 18. d5 b4 19. Qxe4 Qxe4+ 20. Ncxe4 Bxd5
21. Nd6 Rc6 22. N2c4 Nf6 23. g5 Be4+ 24. Nxe4 Nxe4 25. Rg2 Nxg5 {...} 1-0

[Event "Aust Junior Open "]
[Site "Perth "]
[Date "2004.01.17"]
[Round "5.13"]
[White "Rozells, Nathan"]
[Black "Song, Raymond"]
[Result "0-1"]
[WhiteElo "1497"]
[BlackElo "1790"]
[PlyCount "56"]
[EventDate "2004.01.14"]
[EventType "swiss"]
[EventRounds "11"]
[EventCountry "AUS"]

1. e4 d5 2. exd5 Qxd5 3. Nc3 Qa5 4. d4 Nf6 5. Nf3 Bf5 6. Bd3 Bxd3 7. Qxd3 e6 8.
Bd2 c6 9. O-O Nbd7 10. Rfe1 O-O-O 11. Ne4 Qc7 12. Neg5 Ng4 13. a4 Ndf6 14. Rxe6
fxe6 15. Nxe6 Qd6 16. Nxd8 Kxd8 17. Qf5 Qd5 18. Qxd5+ Nxd5 19. c4 Nc7 20. Ng5
Nh6 21. Re1 Be7 22. Ne6+ Nxe6 23. Rxe6 Kd7 24. Re2 Nf5 25. Bc3 Bf6 26. Rd2 Re8
27. f3 Bg5 28. Rd1 Re2 0-1

[Event "Aust Junior Open "]
[Site "Perth "]
[Date "2004.01.17"]
[Round "5.14"]
[White "Cronan, James"]
[Black "Levin, Joshua"]
[Result "1-0"]
[WhiteElo "1760"]
[BlackElo "1464"]
[PlyCount "59"]
[EventDate "2004.01.14"]
[EventType "swiss"]
[EventRounds "11"]
[EventCountry "AUS"]

1. c4 c5 2. Nf3 Nf6 3. g3 g6 4. Bg2 Bg7 5. O-O O-O 6. d4 cxd4 7. Nxd4 Nc6 8.
Nc3 Nxd4 9. Qxd4 d6 10. Qh4 a6 11. Bh6 Rb8 12. Bxg7 Kxg7 13. Rfd1 Qc7 14. Rac1
b6 15. Nd5 Nxd5 16. cxd5 Qa7 17. Qd4+ Kg8 18. Rd3 Bf5 19. e4 Bd7 20. Rdc3 Rfc8
21. a4 Rxc3 22. Rxc3 Rb7 23. Bf1 b5 24. Qxa7 Rxa7 25. a5 Kf8 26. f4 Ke8 27. Kf2
Kd8 28. Ke3 Rc7 29. Kd4 e6 30. Bg2 {...} 1-0